000 01753nam a2200493Ii 4500
001 DIGSLMNDRA0213
003 NyNyDIG
007 cr |||||||||||
008 220920s2014 sp o 00 f0spa
006 m o d
035 _a(OCoLC)913788318
040 _aDGITA
_beng
_erda
_epn
_cDGITA
041 _aspa
_heng
020 _a9788415630722
_qeBook
_qePub
020 _z9788416237012
050 1 4 _aPS3562.E426 ebook
100 1 _aLehane, Dennis,
_eauthor.
240 1 0 _aDrop.
_lSpanish
_s(Palmer)
245 1 3 _aLa entrega /
_cDennis Lehane ; traducción del inglés, Magdalena Palmer.
250 _aPrimera edición en libro electrónico.
264 1 _aBarcelona :
_bSalamandra,
_c[2014]
300 _a1 online resource.
336 _atext
_btxt
_2rdacontent
337 _acomputer
_bc
_2rdamedia
338 _aonline resource
_bcr
_2rdacarrier
347 _atext file
_2rdaft
347 _bEPUB
490 1 _aBlack Salamandra
588 0 _aOnline resource; title from ePub title page (Digitalia, viewed September 20, 2022)
650 0 _aCriminals
_vFiction.
650 0 _aCouples
_vFiction.
650 0 _aRescue dogs
_vFiction.
655 7 _aNovels.
_2lcgft
655 0 _aElectronic books.
700 1 _aPalmer, Magdalena,
_etranslator.
700 1 _iTranslation of:
_aLehane, Dennis.
_tDrop.
791 2 _aDigitalia (Firm),
_edistributor.
793 0 _gDigitalia eBook Collection:
_aEdiciones Salamandra.
776 0 8 _iPrint version:
_aLehane, Dennis.
_sDrop. Spanish (Palmer).
_tEntrega.
_dBarcelona : Salamandra, [2014]
_z9788416237012
830 0 _aBlack (Salamandra (Firm))
856 4 0 _3Digitalia Hispánica
_uhttps://www.digitaliapublishing.com/a/48297/
910 _aPremium collection: 2022
942 _cRAA
999 _c250815
_d250815